[Event "FRA T II 20102011"]
[Site "FRA"]
[Date "2010.11.14"]
[Round "3.8"]
[White "Rasse, Charlotte"]
[Black "Criqui, Laurence"]
[Result "1-0"]
[WhiteElo "1899"]
[BlackElo "1614"]
[PlyCount "91"]
[EventDate "2010.11.13"]
[EventType "team-match"]
[EventRounds "9"]
[EventCountry "FRA"]
[Source "FFE"]
[SourceDate "2010.10.29"]
[BlackTeamCountry "FRA"]

1. e4 e5 2. Nf3 Nc6 3. Bc4 Nf6 4. Nc3 Be7 5. d4 exd4 6. Nxd4 O-O 7. Nf5 Bb4 8.
O-O d6 9. Ng3 h6 10. Nd5 Nxd5 11. Bxd5 Qh4 12. c3 Bc5 13. b4 Bb6 14. a4 a6 15.
Kh1 Ne5 16. f3 Rb8 17. a5 Ba7 18. Qe2 Bd7 19. Be3 Bxe3 20. Qxe3 c6 21. Bb3 Rbd8
22. Ne2 Kh8 23. g3 Qe7 24. Rae1 Bh3 25. Rf2 Be6 26. Bd1 Bc4 27. Nc1 Qf6 28. f4
Ng6 29. h4 Rfe8 30. h5 Nf8 31. g4 Ne6 32. g5 hxg5 33. fxg5 Qxg5 34. Rxf7 Qh4+
35. Kg2 Qg5+ 36. Qxg5 Nxg5 37. Rxb7 Nxe4 38. Re3 Bd5 39. Bf3 Kg8 40. Ra7 Nd2
41. Bxd5+ cxd5 42. Rg3 Ne4 43. Rgxg7+ Kh8 44. Rh7+ Kg8 45. Rhg7+ Kh8 46. h6 1-0

[Event "FRA T II 20102011"]
[Site "FRA"]
[Date "2010.11.14"]
[Round "3.1"]
[White "Filipovic, Branko"]
[Black "Adrian, Claude"]
[Result "1-0"]
[WhiteElo "2410"]
[BlackElo "2263"]
[PlyCount "69"]
[EventDate "2010.11.13"]
[EventType "team-match"]
[EventRounds "9"]
[EventCountry "FRA"]
[Source "FFE"]
[SourceDate "2010.10.29"]
[BlackTeamCountry "FRA"]

1. e4 e6 2. Qe2 c5 3. g3 Nc6 4. Bg2 g6 5. d3 Bg7 6. f4 Nge7 7. c3 O-O 8. Nf3 d5
9. e5 b6 10. O-O Ba6 11. Re1 f6 12. exf6 Rxf6 13. Bh3 Qd6 14. Bxe6+ Kh8 15. Bh3
h6 16. Na3 Raf8 17. Bd2 g5 18. Ne5 gxf4 19. Bxf4 Rxf4 20. gxf4 Rxf4 21. Nxc6
Nxc6 22. Qe6 Qxe6 23. Rxe6 Ne5 24. Re8+ Kh7 25. Rf1 Rxf1+ 26. Bxf1 Kg6 27. Re7
Kf6 28. Rxa7 Bxd3 29. Bxd3 Nxd3 30. Rd7 Nxb2 31. Nb5 Na4 32. Rxd5 Nxc3 33. Rd6+
Kg5 34. Nxc3 Bxc3 35. Rxb6 {suite illisible} 1-0

[Event "FRA T II 20102011"]
[Site "FRA"]
[Date "2010.11.14"]
[Round "3.2"]
[White "Spielmann, Alain"]
[Black "Lutz, Bernhard"]
[Result "1-0"]
[WhiteElo "2278"]
[BlackElo "2295"]
[PlyCount "67"]
[EventDate "2010.11.13"]
[EventType "team-match"]
[EventRounds "9"]
[EventCountry "FRA"]
[Source "FFE"]
[SourceDate "2010.10.29"]
[BlackTeamCountry "FRA"]

1. Nf3 Nf6 2. c4 b6 3. g3 Bb7 4. Bg2 e6 5. O-O Be7 6. Nc3 O-O 7. Re1 c5 8. e4
d6 9. d4 cxd4 10. Nxd4 Qc8 11. Be3 a6 12. Rc1 Nbd7 13. f4 Qc7 14. g4 Nc5 15.
Bf2 g6 16. f5 e5 17. Nc2 Ne8 18. Ne3 Qd8 19. Ned5 Bg5 20. Rc2 Bxd5 21. Nxd5 Rb8
22. Rf1 Nc7 23. Nc3 Qe7 24. b4 Nd7 25. Qe1 b5 26. c5 dxc5 27. bxc5 Rfc8 28. h4
Bf4 29. Ne2 Bh6 30. g5 Bf8 31. Bh3 Qe8 32. c6 Nb6 33. fxg6 Ne6 34. Bxb6 1-0

[Event "FRA T II 20102011"]
[Site "FRA"]
[Date "2010.11.14"]
[Round "3.3"]
[White "Grandadam, Nicolas"]
[Black "Capaces, Francois"]
[Result "1-0"]
[WhiteElo "2271"]
[BlackElo "2086"]
[PlyCount "31"]
[EventDate "2010.11.13"]
[EventType "team-match"]
[EventRounds "9"]
[EventCountry "FRA"]
[Source "FFE"]
[SourceDate "2010.10.29"]
[BlackTeamCountry "FRA"]

1. Nf3 c5 2. c4 Nf6 3. d4 g6 4. Nc3 Bg7 5. d5 e6 6. e4 exd5 7. e5 Ng4 8. Bg5 f6
9. exf6 Bxf6 10. Qxd5 Qe7+ 11. Kd2 Kd8 12. Re1 Qg7 13. h3 Nxf2 14. Qe5 Rf8 15.
Nd5 Nc6 16. Qc7# 1-0

[Event "FRA T II 20102011"]
[Site "FRA"]
[Date "2010.11.14"]
[Round "3.4"]
[White "Grosdemange, David"]
[Black "Grandadam, Patrick"]
[Result "1/2-1/2"]
[WhiteElo "1955"]
[BlackElo "2189"]
[PlyCount "107"]
[EventDate "2010.11.13"]
[EventType "team-match"]
[EventRounds "9"]
[EventCountry "FRA"]
[Source "FFE"]
[SourceDate "2010.10.29"]
[BlackTeamCountry "FRA"]

1. d4 d5 2. e4 dxe4 3. Nc3 Nf6 4. f3 exf3 5. Nxf3 Bg4 6. h3 Bxf3 7. Qxf3 c6 8.
g4 e6 9. Bd3 Bb4 10. O-O O-O 11. g5 Nd5 12. Ne4 f5 13. gxf6 Nxf6 14. Ng5 Qxd4+
15. Be3 Qd5 16. Qg3 h6 17. Nf3 Bc5 18. Bxc5 Qxc5+ 19. Kh2 Nh5 20. Qg6 Qd6+ 21.
Kh1 Ng3+ 22. Kg2 Nf5 23. Rae1 Rf6 24. Qe8+ Qf8 25. Rxe6 Na6 26. Qxf8+ Raxf8 27.
Rxf6 Rxf6 28. Bxa6 bxa6 29. Re1 g5 30. Re8+ Kg7 31. c3 Kg6 32. Ra8 Ne3+ 33. Kg3
c5 34. Rxa7 h5 35. Ne5+ Kf5 36. Re7 Re6 37. Rxe6 Kxe6 38. Nf3 g4 39. hxg4 hxg4
40. Nh2 Kf5 41. b4 cxb4 42. cxb4 Nc2 43. Nxg4 Nxb4 44. a3 Nc2 45. a4 Ke4 46.
Kf2 Kd4 47. Ke2 Kc3 48. Ne5 Nd4+ 49. Kd1 Kb4 50. Nd3+ Kc4 51. Kd2 a5 52. Ne5+
Kb4 53. Kd3 Kxa4 54. Nc4 1/2-1/2

[Event "FRA T II 20102011"]
[Site "FRA"]
[Date "2010.11.14"]
[Round "3.5"]
[White "Aeschbacher, Johann"]
[Black "Zienkiewicz, Alexandre"]
[Result "1/2-1/2"]
[WhiteElo "2061"]
[BlackElo "2052"]
[PlyCount "84"]
[EventDate "2010.11.13"]
[EventType "team-match"]
[EventRounds "9"]
[EventCountry "FRA"]
[Source "FFE"]
[SourceDate "2010.10.29"]
[BlackTeamCountry "FRA"]

1. Nf3 f5 2. d4 Nf6 3. g3 e6 4. Bg2 d5 5. O-O Bd6 6. c4 c6 7. c5 Bc7 8. Bf4
Bxf4 9. gxf4 O-O 10. Ne5 Ne4 11. Nd2 Nxd2 12. Qxd2 Nd7 13. Nxd7 Bxd7 14. b4 Kh8
15. Qe3 Qc7 16. Qg3 h6 17. e3 b6 18. Bf3 bxc5 19. bxc5 Rab8 20. Rab1 Rb7 21.
Rxb7 Qxb7 22. Kh1 Be8 23. Rg1 Rg8 24. Bd1 Qa6 25. a4 Qd3 26. Qf3 Bd7 27. Qe2
Qxe2 28. Bxe2 Rb8 29. Re1 a5 30. Kg1 Rb4 31. Bd1 Bc8 32. Kg2 Kg8 33. Bc2 Kf7
34. Rb1 Rxb1 35. Bxb1 Ba6 36. Bc2 Kf6 37. Kg3 Be2 38. f3 Bc4 39. Kf2 Ba6 40.
Kg3 Be2 41. Kf2 Bc4 42. Kg3 Be2 1/2-1/2

[Event "FRA T II 20102011"]
[Site "FRA"]
[Date "2010.11.14"]
[Round "3.6"]
[White "Marie, Loic"]
[Black "Lutz, Horst"]
[Result "1-0"]
[WhiteElo "1938"]
[BlackElo "1980"]
[PlyCount "73"]
[EventDate "2010.11.13"]
[EventType "team-match"]
[EventRounds "9"]
[EventCountry "FRA"]
[Source "FFE"]
[SourceDate "2010.10.29"]
[BlackTeamCountry "FRA"]

1. c4 Nf6 2. Nc3 g6 3. e4 d6 4. d4 Bg7 5. Nf3 O-O 6. Be2 c5 7. O-O e6 8. Qc2
Nc6 9. dxc5 Nb4 10. Qb1 dxc5 11. Rd1 Qe7 12. Bg5 h6 13. Bf4 Rd8 14. e5 Ne8 15.
Ne4 b6 16. Rxd8 Qxd8 17. a3 Nc6 18. Qc2 Bb7 19. Rd1 Qe7 20. g4 Rd8 21. g5 Rxd1+
22. Bxd1 h5 23. Nf6+ Kf8 24. Nh4 Qd8 25. Bg3 Nd4 26. Qa4 Nc6 27. b4 cxb4 28.
axb4 Bxf6 29. exf6 Nd6 30. b5 Nd4 31. Qb4 Kg8 32. Qxd6 Qxd6 33. Bxd6 a6 34. Be5
Nf5 35. Nxf5 exf5 36. Bd4 axb5 37. cxb5 1-0

[Event "FRA T II 20102011"]
[Site "FRA"]
[Date "2010.11.14"]
[Round "3.7"]
[White "Griggio, Julie"]
[Black "Chretien, Catherine"]
[Result "1-0"]
[WhiteElo "1789"]
[BlackElo "1760"]
[PlyCount "85"]
[EventDate "2010.11.13"]
[EventType "team-match"]
[EventRounds "9"]
[EventCountry "FRA"]
[Source "FFE"]
[SourceDate "2010.10.29"]
[BlackTeamCountry "FRA"]

1. e4 e6 2. d4 d5 3. e5 c5 4. c3 Qb6 5. Nf3 Nc6 6. a3 Nh6 7. Bd3 Be7 8. dxc5
Bxc5 9. Qc2 Ng4 10. O-O Ngxe5 11. Nxe5 Nxe5 12. Be2 Bd7 13. b4 Bd6 14. Be3 Qc7
15. Nd2 Nc4 16. Nxc4 Bxh2+ 17. Kh1 dxc4 18. Bxc4 Qxc4 19. Kxh2 Rc8 20. Bd4 f6
21. Rfc1 e5 22. Bxa7 O-O 23. Bc5 Rfe8 24. a4 Qf4+ 25. Kg1 Qg4 26. Qd1 Qe6 27.
a5 Bb5 28. Qf3 Bc6 29. Qe2 Qd5 30. f3 e4 31. fxe4 Rxe4 32. Qa2 Rc4 33. Rd1 Qe4
34. Re1 Qd3 35. Rad1 Qg3 36. Qxc4+ Kh8 37. Qe2 h6 38. Rd3 Qg6 39. Re3 Rd8 40.
b5 Bd5 41. Re8+ Rxe8 42. Qxe8+ Kh7 43. Qxg6+ 1-0

[Event "FRA T II 20102011"]
[Site "FRA"]
[Date "2010.11.14"]
[Round "3.1"]
[White "Rusev, Krasimir"]
[Black "Panzalovic, Srdjan"]
[Result "1/2-1/2"]
[WhiteElo "2530"]
[BlackElo "2463"]
[PlyCount "21"]
[EventDate "2010.11.13"]
[EventType "team-match"]
[EventRounds "9"]
[EventCountry "FRA"]
[Source "FFE"]
[SourceDate "2010.10.29"]
[BlackTeamCountry "FRA"]

1. d4 Nf6 2. c4 g6 3. Nc3 Bg7 4. e4 d6 5. Nf3 O-O 6. Be2 e5 7. Be3 Na6 8. dxe5
dxe5 9. h3 Qe7 10. Nd5 Qd8 11. Nc3 1/2-1/2

[Event "FRA T II 20102011"]
[Site "FRA"]
[Date "2010.11.14"]
[Round "3.2"]
[White "Weissbecher, Hubert"]
[Black "Herb, Pascal"]
[Result "1-0"]
[WhiteElo "2104"]
[BlackElo "2260"]
[PlyCount "84"]
[EventDate "2010.11.13"]
[EventType "team-match"]
[EventRounds "9"]
[EventCountry "FRA"]
[Source "FFE"]
[SourceDate "2010.10.29"]
[BlackTeamCountry "FRA"]

1. e4 e5 2. Nf3 Nc6 3. Bb5 a6 4. Ba4 Nf6 5. O-O Be7 6. Re1 b5 7. Bb3 d6 8. c3
O-O 9. d4 Bg4 10. d5 Na5 11. Bc2 c6 12. dxc6 Qc7 13. h3 Bc8 14. Bg5 h6 15. Bxf6
Bxf6 16. a4 Qxc6 17. Nbd2 Be6 18. Nf1 Rfc8 19. Ne3 g6 20. Qd2 Kg7 21. Rad1 h5
22. Qxd6 Qxd6 23. Rxd6 b4 24. cxb4 Nc4 25. Nxc4 Rxc4 26. Bb3 Rxb4 27. Bxe6 fxe6
28. Rc1 Rxe4 29. Rc7+ Kg8 30. Rxe6 Rf8 31. Rcc6 Kg7 32. Rxa6 Re2 33. b4 e4 34.
Ng5 Re1+ 35. Kh2 Bxg5 36. Rxg6+ Kh7 37. Rxg5 Rxf2 38. Re5 Ree2 39. Re7+ Kg8 40.
Ra8+ Rf8 41. Rxf8+ Kxf8 42. Re5 Kf7 1-0

[Event "FRA T II 20102011"]
[Site "FRA"]
[Date "2010.11.14"]
[Round "3.3"]
[White "Muheim, Sebastien"]
[Black "Raab, Florian"]
[Result "1-0"]
[WhiteElo "2116"]
[BlackElo "1981"]
[PlyCount "99"]
[EventDate "2010.11.13"]
[EventType "team-match"]
[EventRounds "9"]
[EventCountry "FRA"]
[Source "FFE"]
[SourceDate "2010.10.29"]
[BlackTeamCountry "FRA"]

1. d4 d5 2. c4 Nc6 3. e3 e5 4. dxe5 d4 5. exd4 Qxd4 6. Qxd4 Nxd4 7. Bd3 Ne7 8.
Ne2 Bf5 9. Nxd4 Bxd3 10. Na3 O-O-O 11. Be3 Nf5 12. O-O-O Nxe3 13. fxe3 Bxa3 14.
Rxd3 Be7 15. Rhd1 g6 16. Kc2 a6 17. Kc3 Rd7 18. Ne2 Rxd3+ 19. Rxd3 Rd8 20. Nf4
c6 21. Rxd8+ Kxd8 22. Kd4 Kd7 23. Nd3 b6 24. c5 b5 25. b3 a5 26. a4 bxa4 27.
bxa4 f6 28. h4 Ke6 29. g4 fxe5+ 30. Ke4 Bf6 31. g5 Bg7 32. Nc1 Bf8 33. Nb3 Be7
34. Nxa5 Bxc5 35. Nxc6 Kd6 36. Nxe5 Bb4 37. a5 Be1 38. a6 Kc7 39. Nf3 Bg3 40.
Kd5 Bf2 41. Ke6 Bxe3 42. Kf7 h6 43. gxh6 Bxh6 44. Kxg6 Bc1 45. Ng5 Kb6 46. h5
Bb2 47. h6 Kxa6 48. Ne6 Bh8 49. Kh7 Bb2 50. Kg8 1-0

[Event "FRA T II 20102011"]
[Site "FRA"]
[Date "2010.11.14"]
[Round "3.4"]
[White "Clottes, Jean Philippe"]
[Black "Graeber, Fabien"]
[Result "0-1"]
[WhiteElo "1970"]
[BlackElo "2104"]
[PlyCount "56"]
[EventDate "2010.11.13"]
[EventType "team-match"]
[EventRounds "9"]
[EventCountry "FRA"]
[Source "FFE"]
[SourceDate "2010.10.29"]
[BlackTeamCountry "FRA"]

1. e4 e6 2. d4 d5 3. e5 c5 4. c3 Nc6 5. Nf3 Qb6 6. a3 Nh6 7. b4 cxd4 8. cxd4
Nf5 9. Bb2 Bd7 10. Qd3 Be7 11. Nbd2 O-O 12. Be2 Rfc8 13. O-O a6 14. Nb3 Na7 15.
Qd2 Bb5 16. Bxb5 Qxb5 17. Rfc1 b6 18. Rc3 Rxc3 19. Bxc3 Rc8 20. Qb2 Qd3 21. Rc1
Nb5 22. Ne1 Qe4 23. Nd2 Qe2 24. Nef3 g5 25. g4 Nh4 26. Nxh4 gxh4 27. h3 Bg5 28.
Rc2 Rxc3 0-1

[Event "FRA T II 20102011"]
[Site "FRA"]
[Date "2010.11.14"]
[Round "3.5"]
[White "Neuhauser, Salome"]
[Black "Cantin, Loic"]
[Result "0-1"]
[WhiteElo "2068"]
[BlackElo "1861"]
[PlyCount "84"]
[EventDate "2010.11.13"]
[EventType "team-match"]
[EventRounds "9"]
[EventCountry "FRA"]
[Source "FFE"]
[SourceDate "2010.10.29"]
[BlackTeamCountry "FRA"]

1. e4 c5 2. Nf3 d6 3. d4 cxd4 4. Nxd4 Nf6 5. Nc3 a6 6. f4 e6 7. Qf3 Qc7 8. g4
b5 9. Bg2 Bb7 10. a3 Nc6 11. Nxc6 Bxc6 12. g5 Nd7 13. Be3 Nb6 14. O-O-O a5 15.
f5 b4 16. fxe6 bxc3 17. Bxb6 cxb2+ 18. Kb1 Qxb6 19. Qxf7+ Kd8 20. e5 Ra7 21.
Qf1 Bxg2 22. Qxg2 Qc5 23. Qg3 Rc7 24. Rd2 d5 25. Rhd1 Kc8 26. Qb3 Qxa3 27. Qxa3
Bxa3 28. Rxd5 Bb4 29. Kxb2 Re8 30. R1d3 Rxe6 31. h4 Rb6 32. Kc1 a4 33. Rd8+ Kb7
34. h5 a3 35. Rb3 a2 36. Kb2 Rxc2+ 37. Kxc2 a1=Q 38. Rd7+ Ka6 39. Rxg7 Qa2+ 40.
Rb2 Qc4+ 41. Kb1 Qd3+ 42. Ka2 Rb5 0-1

[Event "FRA T II 20102011"]
[Site "FRA"]
[Date "2010.11.14"]
[Round "3.6"]
[White "Lingelser, Alain"]
[Black "Lumsdon, Andrew"]
[Result "0-1"]
[WhiteElo "1920"]
[BlackElo "2066"]
[PlyCount "69"]
[EventDate "2010.11.13"]
[EventType "team-match"]
[EventRounds "9"]
[EventCountry "FRA"]
[Source "FFE"]
[SourceDate "2010.10.29"]
[BlackTeamCountry "FRA"]

1. e4 c6 2. d4 d5 3. e5 Bf5 4. Ne2 e6 5. Ng3 Bg6 6. h4 h6 7. Bd3 Bxd3 8. Qxd3
Nd7 9. Nd2 Ne7 10. c4 c5 11. O-O cxd4 12. f4 Nc5 13. Qf3 Nc6 14. b4 Nxb4 15. f5
Qd7 16. fxe6 Qxe6 17. a3 Nbd3 18. cxd5 Qg6 19. h5 Nxe5 20. hxg6 Nxf3+ 21. Nxf3
fxg6 22. Re1+ Be7 23. Nxd4 Rd8 24. Nb5 Kf7 25. d6 Bf6 26. Ra2 a6 27. Nc7 Rxd6
28. Bf4 Rd7 29. Rc2 Nd3 30. Rf1 Rc8 31. Rd2 Kg8 32. Nxa6 bxa6 33. Bxh6 Bd4+ 34.
Kh2 gxh6 35. Rfd1 0-1

[Event "FRA T II 20102011"]
[Site "FRA"]
[Date "2010.11.14"]
[Round "3.8"]
[White "Colledani, Cedric"]
[Black "Scherrer, Gilles"]
[Result "1/2-1/2"]
[WhiteElo "1747"]
[BlackElo "1720"]
[PlyCount "52"]
[EventDate "2010.11.13"]
[EventType "team-match"]
[EventRounds "9"]
[EventCountry "FRA"]
[Source "FFE"]
[SourceDate "2010.10.29"]
[BlackTeamCountry "FRA"]

1. d4 Nf6 2. c4 g6 3. Nf3 Bg7 4. g3 O-O 5. Bg2 e6 6. Nc3 d5 7. O-O Nbd7 8. b3
Re8 9. Bb2 b6 10. Re1 Bb7 11. Nd2 Qc8 12. e4 dxe4 13. Ncxe4 Nxe4 14. Nxe4 Nf6
15. f3 Nxe4 16. fxe4 c5 17. e5 Rd8 18. d5 exd5 19. cxd5 Qd7 20. e6 fxe6 21.
dxe6 Qxd1 22. Raxd1 Rxd1 23. Rxd1 Bxg2 24. Bxg7 Bf3 25. Rd7 Bg4 26. Bf6 Bxe6
1/2-1/2

[Event "FRA T II 20102011"]
[Site "FRA"]
[Date "2010.11.14"]
[Round "3.1"]
[White "Herbrechtsmeier, Christof"]
[Black "Serafimov, Tervel"]
[Result "1/2-1/2"]
[WhiteElo "2287"]
[BlackElo "2418"]
[PlyCount "88"]
[EventDate "2010.11.13"]
[EventType "team-match"]
[EventRounds "9"]
[EventCountry "FRA"]
[Source "FFE"]
[SourceDate "2010.10.29"]
[BlackTeamCountry "FRA"]

1. e4 c6 2. c4 g6 3. Nc3 Bg7 4. d4 d6 5. h3 Nf6 6. Nf3 O-O 7. Be2 Na6 8. O-O e5
9. dxe5 dxe5 10. Qxd8 Rxd8 11. Be3 Re8 12. a3 b6 13. b4 c5 14. Nd2 Bb7 15. bxc5
Nxc5 16. Bxc5 bxc5 17. Nd5 Rab8 18. Ra2 Bc6 19. Bd1 Rb7 20. Nxf6+ Bxf6 21. Nb3
Rb6 22. Nxc5 Rd8 23. Na4 Rxd1 24. Nxb6 Rxf1+ 25. Kxf1 axb6 26. Rb2 Be7 27. Rxb6
Bxe4 28. Rb3 Bc5 29. a4 Kf8 30. a5 Ke7 31. f3 Bc6 32. Rb8 Kd7 33. a6 h5 34. Ke2
Kc7 35. a7 Bxa7 36. Rf8 f5 37. Rg8 e4 38. Rxg6 e3 39. g4 hxg4 40. hxg4 fxg4 41.
fxg4 Bd7 42. Kf3 Bd4 43. Ra6 Bc8 44. Ra2 Be6 1/2-1/2

[Event "FRA T II 20102011"]
[Site "FRA"]
[Date "2010.11.14"]
[Round "3.2"]
[White "Solonar, Stefan"]
[Black "Letzelter, Jean Claude"]
[Result "1-0"]
[WhiteElo "2317"]
[BlackElo "2230"]
[PlyCount "56"]
[EventDate "2010.11.13"]
[EventType "team-match"]
[EventRounds "9"]
[EventCountry "FRA"]
[Source "FFE"]
[SourceDate "2010.10.29"]
[BlackTeamCountry "FRA"]

1. c4 e6 2. Nc3 d5 3. d4 Be7 4. Nf3 Nf6 5. Bf4 O-O 6. e3 b6 7. Bd3 Bb7 8. Qc2
Nc6 9. a3 Na5 10. cxd5 exd5 11. Nb5 c5 12. dxc5 bxc5 13. Bc7 Qd7 14. Bxa5 c4
15. Bxh7+ Nxh7 16. Nfd4 Nf6 17. O-O Ne4 18. Rfd1 Rab8 19. Bd2 Nc5 20. Nf5 Bf6
21. Bb4 Nd3 22. Nbd4 Nxb4 23. axb4 Bxd4 24. exd4 Bc6 25. Ra3 Rxb4 26. Rh3 g6
27. Ng3 Qd6 28. Qd2 Bd7 1-0

[Event "FRA T II 20102011"]
[Site "FRA"]
[Date "2010.11.14"]
[Round "3.3"]
[White "Schwicker, Francois"]
[Black "Klundt, Klaus"]
[Result "0-1"]
[WhiteElo "2184"]
[BlackElo "2362"]
[PlyCount "72"]
[EventDate "2010.11.13"]
[EventType "team-match"]
[EventRounds "9"]
[EventCountry "FRA"]
[Source "FFE"]
[SourceDate "2010.10.29"]
[BlackTeamCountry "FRA"]

1. e4 c5 2. Nf3 Nc6 3. d4 cxd4 4. Nxd4 Qb6 5. Nb3 Nf6 6. Nc3 e6 7. Bd3 Be7 8.
Be3 Qc7 9. f4 d6 10. Qf3 a6 11. g4 b5 12. g5 Nd7 13. Qf2 Bb7 14. h4 Nb4 15. a3
Nxd3+ 16. cxd3 Nc5 17. Nxc5 dxc5 18. O-O f5 19. Rac1 O-O 20. b4 Rad8 21. d4 c4
22. d5 fxe4 23. Bb6 Qd6 24. Rcd1 exd5 25. Nxe4 Qe6 26. Bxd8 Rxd8 27. Nc5 Qg4+
28. Kh2 Bxc5 29. bxc5 d4 30. Rg1 Qf3 31. Qxf3 Bxf3 32. Rdf1 Bh5 33. f5 d3 34.
f6 d2 35. c6 Rc8 36. f7+ Kf8 0-1

[Event "FRA T II 20102011"]
[Site "FRA"]
[Date "2010.11.14"]
[Round "3.4"]
[White "Milosevic, Goran"]
[Black "Rocher, Olivier"]
[Result "1-0"]
[WhiteElo "2359"]
[BlackElo "2155"]
[PlyCount "83"]
[EventDate "2010.11.13"]
[EventType "team-match"]
[EventRounds "9"]
[EventCountry "FRA"]
[Source "FFE"]
[SourceDate "2010.10.29"]
[BlackTeamCountry "FRA"]

1. e4 c5 2. Nc3 Nc6 3. Nf3 g6 4. d4 cxd4 5. Nxd4 Bg7 6. Be3 Nf6 7. Nb3 O-O 8.
Be2 d6 9. O-O Be6 10. f4 Na5 11. Nxa5 Qxa5 12. Bf3 Rac8 13. Nd5 Nxd5 14. exd5
Bf5 15. c3 Rc4 16. Be2 Rc7 17. a4 Be4 18. Bb5 Rcc8 19. Bd4 Bxd4+ 20. Qxd4 Qb6
21. Qxb6 axb6 22. Rad1 Rc5 23. Rd4 Bc2 24. Re1 Rc7 25. Re2 Bf5 26. Rb4 Ra8 27.
Rd2 Kf8 28. Bc4 Bd7 29. b3 Rac8 30. Ra2 e6 31. Rxb6 exd5 32. Bxd5 Rxc3 33. Rxb7
Be6 34. Bxe6 fxe6 35. a5 Rc1+ 36. Kf2 R8c2+ 37. Rxc2 Rxc2+ 38. Kf3 Ra2 39. h4
h5 40. b4 Ra3+ 41. Ke4 Ra4 42. Kd3 {suite illisible} 1-0

[Event "FRA T II 20102011"]
[Site "FRA"]
[Date "2010.11.14"]
[Round "3.5"]
[White "Pozuelo, Jose"]
[Black "Florijan, Rodolphe"]
[Result "0-1"]
[WhiteElo "2067"]
[BlackElo "2039"]
[PlyCount "27"]
[EventDate "2010.11.13"]
[EventType "team-match"]
[EventRounds "9"]
[EventCountry "FRA"]
[Source "FFE"]
[SourceDate "2010.10.29"]
[BlackTeamCountry "FRA"]

1. e4 c5 2. Nc3 a6 3. g3 Nc6 4. Bg2 g6 5. d3 Bg7 6. Be3 d6 7. f4 h5 8. Nf3 Nd4
9. Qd2 Nb5 10. Nd1 Bg4 11. c3 Qd7 12. Nf2 Nf6 13. h3 Bxf3 14. Bxf3 {suite
illisible} 0-1

[Event "FRA T II 20102011"]
[Site "FRA"]
[Date "2010.11.14"]
[Round "3.6"]
[White "Borni, Jean Bernard"]
[Black "Boullu, Thomas"]
[Result "1-0"]
[WhiteElo "2036"]
[BlackElo "1971"]
[PlyCount "79"]
[EventDate "2010.11.13"]
[EventType "team-match"]
[EventRounds "9"]
[EventCountry "FRA"]
[Source "FFE"]
[SourceDate "2010.10.29"]
[BlackTeamCountry "FRA"]

1. d4 Nf6 2. Nf3 d5 3. c4 e6 4. g3 Be7 5. Bg2 O-O 6. O-O c6 7. Qc2 Nbd7 8. Nbd2
Re8 9. e4 dxe4 10. Nxe4 Nxe4 11. Qxe4 Nf6 12. Qc2 Bd6 13. b3 Qc7 14. Bb2 b6 15.
c5 Be7 16. cxb6 Qxb6 17. Ne5 Bb7 18. Nxc6 Bd6 19. Ne5 Rac8 20. Nc4 Ba6 21. Rac1
Qb8 22. Qb1 Be7 23. Rfd1 Nd5 24. Bxd5 exd5 25. Ne5 Qd6 26. Qf5 Bf6 27. Re1 g6
28. Qf4 Bxe5 29. dxe5 Qd7 30. Qd4 Re6 31. Rxc8+ Bxc8 32. Rc1 a6 33. Qc5 Bb7 34.
Qc7 Re7 35. Qb8+ Re8 36. Qd6 Qxd6 37. exd6 Bc8 38. Kg2 Bb7 39. Bf6 Bc8 40. Rxc8
1-0

[Event "FRA T II 20102011"]
[Site "FRA"]
[Date "2010.11.14"]
[Round "3.8"]
[White "Thomas, Apolline"]
[Black "Roos, Louise"]
[Result "1/2-1/2"]
[WhiteElo "1700"]
[BlackElo "1885"]
[PlyCount "53"]
[EventDate "2010.11.13"]
[EventType "team-match"]
[EventRounds "9"]
[EventCountry "FRA"]
[Source "FFE"]
[SourceDate "2010.10.29"]
[BlackTeamCountry "FRA"]

1. d4 d5 2. c4 e6 3. Nc3 c5 4. cxd5 exd5 5. dxc5 d4 6. Ne4 Bxc5 7. Nf3 Nc6 8.
a3 Bb6 9. Bf4 Nge7 10. Nd6+ Kf8 11. Ng5 Be6 12. Nxe6+ fxe6 13. Nc4 Nd5 14. Bd2
Kf7 15. Qb3 Rf8 16. Nxb6 Qxb6 17. Qxb6 Nxb6 18. e3 e5 19. Rc1 Rac8 20. Bd3 Kg8
21. O-O Ne7 22. exd4 exd4 23. Rfe1 Ned5 24. Re4 Nf6 25. Rxd4 Rcd8 26. Be3 Nfd5
27. Bg5 1/2-1/2

[Event "FRA T II 20102011"]
[Site "FRA"]
[Date "2010.10.17"]
[Round "1.5"]
[White "Da Apresentacaao, Christophe"]
[Black "Morais, Mario"]
[Result "1/2-1/2"]
[WhiteElo "2047"]
[BlackElo "2047"]
[PlyCount "49"]
[EventDate "2010.11.13"]
[EventType "team-match"]
[EventRounds "9"]
[EventCountry "FRA"]
[Source "FFE"]
[SourceDate "2010.10.29"]
[BlackTeamCountry "FRA"]

1. d4 c5 2. d5 Nf6 3. c4 e6 4. Nc3 exd5 5. cxd5 Bd6 6. g3 O-O 7. Bg2 Bc7 8. Nh3
d6 9. O-O a6 10. a4 Re8 11. Nf4 Nbd7 12. b3 Ba5 13. Bb2 Rb8 14. Qc2 Ne5 15. Ne4
b6 16. Nxf6+ Qxf6 17. f3 Bb7 18. e4 Qg5 19. Rf2 h5 20. Nd3 Qe3 21. Nxe5 dxe5
22. Bc1 Qd4 23. Bb2 Qe3 24. Bc1 Qd4 25. Bb2 1/2-1/2

[Event "FRA T II 20102011"]
[Site "FRA"]
[Date "2010.10.17"]
[Round "1.1"]
[White "Petitcunot, Pierre"]
[Black "Depoorter, Enguerran"]
[Result "1-0"]
[WhiteElo "2401"]
[BlackElo "2155"]
[PlyCount "49"]
[EventDate "2010.11.13"]
[EventType "team-match"]
[EventRounds "9"]
[EventCountry "FRA"]
[Source "FFE"]
[SourceDate "2010.10.29"]
[BlackTeamCountry "FRA"]

1. e4 c5 2. Nf3 a6 3. c3 d5 4. exd5 Qxd5 5. d4 Bg4 6. Be2 e6 7. c4 Qd6 8. Qb3
Qc7 9. Bf4 Qxf4 10. Qxb7 Qc1+ 11. Bd1 Bxf3 12. gxf3 Bd6 13. Nc3 Qxa1 14. O-O
Nd7 15. Ba4 Qxf1+ 16. Kxf1 Rd8 17. dxc5 Be5 18. c6 Ngf6 19. cxd7+ Nxd7 20. c5
O-O 21. Bxd7 Rb8 22. Qe4 Bc7 23. b4 Rfd8 24. c6 h6 25. Qc4 1-0

[Event "FRA T II 20102011"]
[Site "FRA"]
[Date "2010.10.17"]
[Round "1.7"]
[White "Ait Chaouche, Samy"]
[Black "Waquet, Frederic"]
[Result "1/2-1/2"]
[WhiteElo "2058"]
[BlackElo "1980"]
[PlyCount "46"]
[EventDate "2010.11.13"]
[EventType "team-match"]
[EventRounds "9"]
[EventCountry "FRA"]
[Source "FFE"]
[SourceDate "2010.10.29"]
[BlackTeamCountry "FRA"]

1. e4 e6 2. Nf3 d5 3. e5 c5 4. b4 cxb4 5. d4 Nc6 6. a3 bxa3 7. c3 Bd7 8. Bd3 a6
9. Ng5 Nh6 10. Nxa3 Be7 11. Nh3 Nf5 12. O-O h5 13. Bxf5 exf5 14. Nf4 Be6 15.
Nxh5 Kf8 16. f4 Kg8 17. Ng3 Bxa3 18. Rxa3 Na5 19. Qd3 g6 20. Rf3 Nc4 21. Ra1 b5
22. Nf1 Kg7 23. Rg3 Qc7 1/2-1/2